LEADER 01701nam 2200421 a 450 001 9910697307303321 005 20080819142409.0 035 $a(CKB)5470000002387864 035 $a(OCoLC)244104834 035 $a(EXLCZ)995470000002387864 100 $a20080819d2008 ua 0 101 0 $aeng 135 $aurmn||||||||| 181 $ctxt$2rdacontent 182 $cc$2rdamedia 183 $acr$2rdacarrier 200 10$aBorder security$b[electronic resource] $eState Department is taking steps to meet projected surge in demand for visas and passports in Mexico : report to the Subcommittee on Government Management, Organization, and Procurement, Committee on Oversight and Government Reform, House of Representatives 210 1$a[Washington, D.C.] :$cU.S. Govt. Accountability Office,$d[2008] 215 $aii, 36 pages $cdigital, PDF file 300 $aTitle from title screen (viewed on Aug. 14, 2008). 300 $a"July 2008." 300 $aPaper version available from: U.S. Govt. Accountability Office, 441 G St., NW, Rm. LM, Washington, D.C. 20548. 300 $a"GAO-08-1006." 320 $aIncludes bibliographical references. 517 $aBorder security 606 $aDiplomatic and consular service$zMexico 606 $aPassports 606 $aVisas 615 0$aDiplomatic and consular service 615 0$aPassports. 615 0$aVisas. 712 02$aUnited States.$bCongress.$bHouse.$bCommittee on Oversight and Government Reform.$bSubcommittee on Government Management, Organization, and Procurement. 801 0$bGPO 801 1$bGPO 906 $aBOOK 912 $a9910697307303321 996 $aBorder security$93423087 997 $aUNINA LEADER 06511nam 2200553 450 001 9910789061503321 005 20230725053419.0 010 $a1-61711-809-5 035 $a(CKB)3710000000073469 035 $a(EBL)3404695 035 $a(SSID)ssj0001059495 035 $a(PQKBManifestationID)11585851 035 $a(PQKBTitleCode)TC0001059495 035 $a(PQKBWorkID)11081484 035 $a(PQKB)11709367 035 $a(MiAaPQ)EBC3404695 035 $a(EXLCZ)993710000000073469 100 $a20100429h20112011 uy| 0 101 0 $aeng 135 $aur|n|---||||| 181 $ctxt 182 $cc 183 $acr 200 02$aA complete surgical guide for correcting astigmatism $ean ophthalmic manifesto /$fBonnie An Henderson, James P. Gills 205 $a2nd ed. 210 1$aThorofare, New Jersey :$cSLACK Inc.,$d[2011] 210 4$dİ2011 215 $a1 online resource (259 p.) 300 $aPrevious edition edited by James P. Gills. 311 $a1-55642-935-5 320 $aIncludes bibliographical references. 327 $aSurgical correction of astigmatism / Bonnie An Henderson ... [et al.] -- Diagnosing astigmatism / Mark Packer, Natalie A. Afshari, and Brian Alder -- Approach to the surgical correction of astigmatism at the time of cataract surgery / Eric C. Amesbury and Kevin M. Miller -- Correction of astigmatism by laser keratectomy / Isaac W. Porter and Dimitri T. Azar -- Treating astigmatism with conductive keratoplasty / Jason E. Stahl, Daniel S. Durrie, and Ryan T. Smith -- Astigmatic keratotomy : arcuate and transverse incisions for managing astigmatism / Anthony Lombardo and Richard Lindstrom -- Reducing pre-existing astigmatism with limbal relaxing incisions / James P. Gills ... [et al.] -- Minimizing preoperative cylinder with peripheral clear-corneal relaxing incisions / Randall J. Olson -- 327 $aUse of stromal pockets in the treatment of astigmatism / Michael Y. Wong -- Considerations in clear-corneal cataract surgery / Robert M. Kershner -- Management of astigmatism in conjunction with modern phaco surgery / Louis D. "Skip" Nichamin -- Bioptics for the pseudophakic patient / Louis D. "Skip" Nichamin -- Managing coupling in secondary astigmatic kerototomy / James P. Gills, Pit Gills, and J. James Rowsey -- Intraocular lens power calculation after prior laser refractive surgery / Kenneth J. Hoffer -- Toric intraocular lenses : history and applications / Surekha Maddula ... [et al.] -- The STAAR toric intraocular lens : indications and pearls / Stephen Bylsma and David F. Chang -- The use of AcrySof and ReSTOR toric intraocular lenses in the management of astigmatism / Derek W. DelMonte and Terry Kim -- 327 $aRepositioning toric intraocular lenses / David F. Chang -- Other toric intraocular lenses / Vanessa C. Pongo and Jorge L. Alio? -- Correction of astigmatism with toric intraocular lenses : correct marking and alignment / Jonathan B. Rubenstein -- Correcting high degrees of astigmatism / Lynn J. Poole-Perry and Bonnie An Henderson -- Correction of irregular astigmatism / Maria Regina Chalita and Ronald R. Krueger -- Diagnosis and management of traditional penetrating corneal transplant astigmatism / James C. Hays -- Reducing post-graft astigmatism / Miles H. Friedlander -- Treatment of keratoconus / Maria A. Woodward and R. Doyle Stulting -- Treatment of keratoconus : astigmatic keratotomy and intraocular lenses / J. James Rowsey, James P. Gills, and Pit Gills -- Astigmatic management of peripheral corneal thinning / Anil Vedula and Sonia H. Yoo. 327 $aSurgical correction of astigmatism / Bonnie An Henderson ... [et al.] -- Diagnosing astigmatism / Mark Packer, Natalie A. Afshari, and Brian Alder -- Approach to the surgical correction of astigmatism at the time of cataract surgery / Eric C. Amesbury and Kevin M. Miller -- Correction of astigmatism by laser keratectomy / Isaac W. Porter and Dimitri T. Azar -- Treating astigmatism with conductive keratoplasty / Jason E. Stahl, Daniel S. Durrie, and Ryan T. Smith -- Astigmatic keratotomy : arcuate and transverse incisions for managing astigmatism / Anthony Lombardo and Richard Lindstrom -- Reducing pre-existing astigmatism with limbal relaxing incisions / James P. Gills ... [et al.] -- Minimizing preoperative cylinder with peripheral clear-corneal relaxing incisions / Randall J. Olson -- 327 $aUse of stromal pockets in the treatment of astigmatism / Michael Y. Wong -- Considerations in clear-corneal cataract surgery / Robert M. Kershner -- Management of astigmatism in conjunction with modern phaco surgery / Louis D. "Skip" Nichamin -- Bioptics for the pseudophakic patient / Louis D. "Skip" Nichamin -- Managing coupling in secondary astigmatic kerototomy / James P. Gills, Pit Gills, and J. James Rowsey -- Intraocular lens power calculation after prior laser refractive surgery / Kenneth J. Hoffer -- Toric intraocular lenses : history and applications / Surekha Maddula ... [et al.] -- The STAAR toric intraocular lens : indications and pearls / Stephen Bylsma and David F. Chang -- The use of AcrySof and ReSTOR toric intraocular lenses in the management of astigmatism / Derek W. DelMonte and Terry Kim -- 327 $aRepositioning toric intraocular lenses / David F. Chang -- Other toric intraocular lenses / Vanessa C. Pongo and Jorge L. Alio? -- Correction of astigmatism with toric intraocular lenses : correct marking and alignment / Jonathan B. Rubenstein -- Correcting high degrees of astigmatism / Lynn J. Poole-Perry and Bonnie An Henderson -- Correction of irregular astigmatism / Maria Regina Chalita and Ronald R. Krueger -- Diagnosis and management of traditional penetrating corneal transplant astigmatism / James C. Hays -- Reducing post-graft astigmatism / Miles H. Friedlander -- Treatment of keratoconus / Maria A. Woodward and R. Doyle Stulting -- Treatment of keratoconus : astigmatic keratotomy and intraocular lenses / J. James Rowsey, James P. Gills, and Pit Gills -- Astigmatic management of peripheral corneal thinning / Anil Vedula and Sonia H. Yoo. 606 $aAstigmatism$xSurgery 615 0$aAstigmatism$xSurgery. 676 $a617.755 701 $aHenderson$b Bonnie An$01558128 701 $aGills$b James P.$f1934-$01211876 801 0$bMiAaPQ 801 1$bMiAaPQ 801 2$bMiAaPQ 906 $aBOOK 912 $a9910789061503321 996 $aA complete surgical guide for correcting astigmatism$93822258 997 $aUNINA